[Event "Olympiad-33"]
[Site "Elista"]
[Date "1998.10.07"]
[Round "9.1"]
[White "Svidler, Peter"]
[Black "Adams, Michael"]
[Result "1-0"]
[WhiteElo "2710"]
[BlackElo "2715"]
[Annotator "Blatny,P"]
[PlyCount "78"]
[EventDate "1998.09.29"]
[EventType "team-swiss"]
[EventRounds "13"]
[EventCountry "RUS"]
[SourceTitle "CBM 068"]
[Source "ChessBase"]
[SourceDate "1999.02.01"]
[SourceVersion "1"]
[SourceVersionDate "1999.02.01"]
[SourceQuality "1"]
[WhiteTeam "Russia"]
[BlackTeam "England"]
[WhiteTeamCountry "RUS"]
[BlackTeamCountry "ENG"]

1. e4 e5 2. Nf3 Nc6 3. Bb5 a6 4. Ba4 Nf6 5. O-O Be7 6. Re1 b5 7. Bb3 O-O 8. c3
d5 9. exd5 Nxd5 10. Nxe5 Nxe5 11. Rxe5 c6 12. d3 Bd6 13. Re1 Qh4 14. g3 Qh3 15.
Re4 Nf6 16. Rh4 Qf5 17. Nd2 $5 (17. Bc2 {Leko-Adams/Madrid/1998/}) 17... g5 $5
(17... Qxd3 $4 18. Rd4 $18) 18. Rh6 (18. Ne4 gxh4 19. Nxd6 Qg6 $36) 18... Ng4
19. Ne4 Nxh6 20. Nxd6 Qg6 (20... Qh3 21. Qe2 Be6 (21... Bf5 22. Bxg5 Ng4 23. f3
Bxd3 24. Qd2 Rae8 (24... Ne5 25. Qe3 Rae8 26. Nxe8 Rxe8 27. Rd1 Bg6 (27... Qf5
28. f4 $18) 28. Bf6 $1 Qf5 29. Qxe5 $1 Qxe5 30. Bxe5 Rxe5 31. Kf2 $18 {_|_})
25. Nxe8 Rxe8 26. Bxf7+ $1 Kxf7 27. Qf4+ Kg8 28. Qxg4 (28. fxg4 $2 Re2 $11)
28... Qxg4 29. fxg4 Re2 30. Rd1 Be4 $16 {_|_^-}) 22. Bxg5 (22. Bxe6 Qxe6 23.
Qxe6 fxe6 24. Bxg5 Nf7 $11) 22... Bxb3 23. axb3 Nf5 24. Ne4 $16) 21. Ne4 (21.
Nxc8 $5 Raxc8 22. d4 $44) 21... Ng4 $5 (21... Bf5 22. Nxg5 (22. f3 $5 g4 (22...
Bxe4 23. fxe4) 23. Bf4 gxf3 24. Qxf3 Ng4 (24... Bxe4 25. dxe4 Ng4 26. e5 $16)
25. Nd6 Be6 26. Re1 $44) 22... Bxd3 23. Nf3 Bc4 (23... Rfd8 24. Ne5 Qe4 25. Bf4
Be2 26. Qb1 $16) 24. Ne5 Qe6 (24... Bxb3 25. Nxg6 Bxd1 26. Nxf8 Rxf8 27. Bxh6
Rd8 $14) 25. Bxh6 (25. Nxc4 bxc4 26. Bc2 Ng4 $13) 25... Qxh6 26. Nxc4 bxc4 27.
Qg4+ Qg7 28. Qxc4 $14) (21... g4 22. Bg5 Bf5 23. Qc1 Kg7 24. Bf6+ Kg8 25. Bg5
Kg7 $11) 22. Bxg5 Bf5 23. Bf4 Rad8 24. Qe2 (24. f3 $6 Rfe8 $1 25. Qe2 Ne5 $13)
24... Rfe8 25. Re1 Kg7 (25... Ne5 26. Bxe5 Rxe5 27. Nf6+ Qxf6 28. Qxe5 $18) 26.
f3 Ne5 27. Bc2 c5 28. Qe3 $1 f6 (28... c4 29. d4 Nd3 30. Bxd3 cxd3 31. Qxd3 Re7
32. d5 {/\32...Rde8 33.d6!}) 29. Kh1 $1 {/\Nf6} Bxe4 $2 (29... c4 $142 30. d4 (
30. Nxf6 Kxf6 31. Bxe5+ Kf7 $13) 30... Nd3 31. Bxd3 cxd3 32. Qxd3 Re7 $13) 30.
fxe4 $16 Nd7 $6 31. d4 cxd4 32. cxd4 Nb6 (32... f5 33. g4 $1 (33. e5 Qc6+ {ץc2
}) 33... fxe4 (33... fxg4 34. Bd3 {/\e5}) 34. Bxe4 $40) 33. Qf2 Nd5 34. Bd2 (
34. exd5 Rxe1+ 35. Qxe1 Qxc2 36. Qe7+ Kg6 37. Qxd8 Qe4+ 38. Kg1 Qe1+ 39. Kg2
Qe2+ $11 40. Kh3 $4 Kh5 $19) 34... Ne7 35. e5 f5 36. e6 $1 $18 {[%csl Rg7]
[%cal Gd2c3,Gc3g7,Gd4d5]} Qf6 37. Bb3 Kg8 38. Re5 Kg7 39. d5 Qxe5 (39... Qxe5
40. Bc3 Qxc3 41. bxc3 Nxd5 42. Qxf5 Ne7 43. Qf7+ Kh6 (43... Kh8 44. Bc2 Ng6 45.
e7 Rxe7 46. Qf6+ $18) 44. Qf6+ Ng6 45. h4 $18) 1-0

[Event "Hoogovens op"]
[Site "Wijk aan Zee"]
[Date "1993.01.??"]
[Round "12"]
[White "Adams, Michael"]
[Black "Nunn, John DM"]
[Result "1/2-1/2"]
[WhiteElo "2630"]
[BlackElo "2580"]
[Annotator "Blatny,P"]
[PlyCount "37"]
[EventDate "1993.01.??"]
[EventType "swiss"]
[EventRounds "12"]
[EventCountry "NED"]
[SourceTitle "CBM 034"]
[Source "ChessBase"]
[SourceDate "1993.06.01"]
[SourceVersion "1"]
[SourceVersionDate "1993.06.01"]
[SourceQuality "1"]

1. e4 e5 2. Nf3 Nc6 3. Bb5 a6 4. Ba4 Nf6 5. O-O Be7 6. Re1 b5 7. Bb3 O-O 8. c3
d5 9. exd5 Nxd5 (9... e4 10. dxc6 exf3 11. d4 fxg2 (11... Re8 12. Bg5 Bg4 13.
Bxf6 Bxf6 14. Rxe8+ Qxe8 15. Nd2 Qxc6 16. Nxf3 Bxf3 17. gxf3 $6 {
Rodriguez-Arencibia, Capablanca mem 1991, CBM 26}) 12. Bg5 Bg4 (12... Re8 13.
Qf3 $16 {Polgar,J-Murshed, Brno 1991}) 13. Qd3 Re8 14. Nd2 Nh5 15. Nf3 Bf6 16.
Re5 $5 Qd6 17. Qe4 Be6 18. Bc2 $13 {Antunes-Murshed, CBM26}) 10. Nxe5 (10. a4
Bb7 11. axb5 axb5 12. Rxa8 Bxa8 13. d3 (13. Nxe5 $6 Nxe5 14. Rxe5 Nf4 $40)
13... Bf6 14. Nbd2 $5 $146 Nf4 15. Ne4 Nxd3 {--> Piket,J-Blatny, Debrecen ETCC
1992} 16. Nxf6+ gxf6 17. Re4 Ne7 18. Rg4+ Ng6 19. Bh6 (19. Nh4 Nxc1 20. Qxc1
Bd5 $15) 19... f5 $13) 10... Nxe5 11. Rxe5 c6 12. Bxd5 (12. Re1 Bd6 13. d3 (13.
g3 Bb7 (13... Qd7 14. d4 Qh3 15. Bxd5 cxd5 16. Qf3 Bf5 17. Qg2 Qh5 18. Qxd5
Rfe8 19. Bd2 Rxe1+ 20. Bxe1 Qd1 21. Qxa8+ Bf8 22. Qg2 Bd3 23. h3 Qxe1+ 24. Kh2
h5 25. h4 Qc1 26. Qf3 Qxb2 27. Qxd3 Qxf2+ 28. Kh1 Qb2 29. a4 Qxa1 30. axb5 axb5
31. Qxb5 Qa8+ 32. d5 Qa2 33. Qd3 Qf2 34. d6 Bxd6 $10 {Donchev-Topalov,
Bulgary-ch 1992}) 14. d3 Qd7 15. Nd2 c5 16. Ne4 Be7 17. Bg5 f6 18. Bd2 Kh8 19.
Qh5 f5 (19... Rae8 $13) 20. Ng5 Bxg5 21. Bxg5 Qc6 22. f3 c4 23. Bc2 b4 $1 $36 {
Ernst-Sokolov, Debrecen 1992}) 13... Qh4 14. g3 Qh3 15. Re4 Bd7 16. Nd2 g5 17.
Re2 f5 18. c4 $1 (18. Qf1 Qh5 19. c4) 18... f4 $1 19. Qf1 $1 (19. cxd5 fxg3 20.
hxg3 Rxf2 21. Rxf2 Qxg3+ 22. Rg2 Qe3+ $10) 19... fxg3 20. hxg3 (20. Qxh3 gxf2+
21. Rxf2 Bxh3 {/\Bc5}) 20... Qh5 $2 (20... Nf4 $142) 21. cxd5 Bg4 22. dxc6+ $18
{Ivanchuk-Kamsky, Tilburg 1992}) 12... cxd5 13. d4 Bd6 14. Re3 Qh4 15. h3 Qf4 (
15... f5 16. Qf3 Bb7 17. Nd2 $14 {Huebner-Nunn, Skelleftea 1989}) (15... g5 16.
Qf3 (16. b3 f5 $1 17. Qf3 (17. Ba3 f4 18. Re5 Bxa3 19. Nxa3 f3 $132) 17... Bb7
{Anand-Nunn, Wijk 1990} 18. Ba3 $10) 16... Be6 17. Qf6 Rfe8 (17... Qh5 $13 {
/\g4 Huebner-Pinter, Hungary 1989}) 18. Na3 (18. g3 Qh5 19. g4 {1/4:1/4
Frias-Wolff, London 1990}) 18... Qh5 19. Bd2 Be7 20. Qe5 $13 {Wolff-Hellers,
New York op 1990} (20. Qf3 Qg6 21. Rae1 g4 {Huebner-Nunn, Haifa 1989})) 16. Re5
Qf6 17. Re3 (17. Re1 Qg6 18. Kh1 (18. Qf3 Be6 19. Bf4 Bxf4 20. Qxf4 Bxh3 21.
Qg3 Qc2 $1 22. c4 $1 Be6 23. cxd5 Bxd5 24. Nc3 Rad8 25. Re2 Qg6 $10 {
Kholmov-Tal, Kislovodsk 1972}) 18... Bf5 19. Be3 Bc2 $1 $10 {Van der Wiel-Nunn,
Amsterdam OHRA 1990}) 17... Qf4 18. Re5 Qf6 19. Re3 1/2-1/2

[Event "Hoogovens"]
[Site "Wijk aan Zee"]
[Date "1999.01.25"]
[Round "8"]
[White "Ivanchuk, Vassily"]
[Black "Timman, Jan H"]
[Result "0-1"]
[WhiteElo "2714"]
[BlackElo "2649"]
[Annotator "Blatny,P"]
[PlyCount "102"]
[EventDate "1999.01.16"]
[EventType "tourn"]
[EventRounds "13"]
[EventCountry "NED"]
[EventCategory "17"]
[SourceTitle "CBM 069"]
[Source "ChessBase"]
[SourceDate "1999.04.01"]
[SourceVersion "1"]
[SourceVersionDate "1999.04.01"]
[SourceQuality "1"]

1. e4 {Ftacnik} e5 2. Nf3 Nc6 3. Bb5 a6 4. Ba4 Nf6 5. O-O Be7 6. Re1 b5 7. Bb3
O-O 8. c3 d5 9. exd5 Nxd5 10. Nxe5 Nxe5 11. Rxe5 c6 12. Re1 Bd6 13. d3 Qh4 14.
g3 Qh3 15. Re4 Nf6 16. Rh4 Qf5 17. Nd2 g5 {'!' Ftacnik.} 18. Rd4 $6 $146 {
Ftacnik: 'The original location of the white rook on the central square makes
a lot of sense. Black is pawn down and his kingside is pretty exposed.' Eine
dubiose Neuerung gegenüber Svidler-Adams/Elista (olm)/1998, welche in CBM 68
analysiert wurde.  Ivanchuk befürchtete wahrscheinlich eine vorbereitete
Verstärkung, weil Timman und Adams Mannschaftskollegen bei Europa-Cup Meister
Panfox Breda sind, eine theoretische gemeinsame Analyse von o.g. Partie war
also möglich.} (18. Rh6) 18... Bc5 19. Nf3 (19. Ne4 {Ftacnik} Bxd4 20. cxd4 h6
$15) 19... h6 $1 ({Natürlich nicht} 19... Bxd4 $2 20. Nxd4 {und Schwarz muss
den zweiten Bauern abgeben, weil} Qc5 (20... Qd7 21. Bxg5) (20... Qg6 21. Nxc6)
{an} 21. Qf3 {scheitert. Mit zwei Bauern für die Qualität hat dann Weiss einen
klaren Vorteil.}) 20. Bf4 {?!? Es ist zwar ein sehr originelle Versuch, mit
welchem Weiss das Problem mit dem Td4 und dem unentwickelten Damenflügel auf
einmal lösen will, eine bessere Alternative zur Rettung war aber das scharfe} (
20. h4 $5 {Weiss greift den wichtigen Bg5 an. Somit ist Schwarz beschäftigt
und kann nicht so leicht den Plan aus der Partie ausführen. Die Stellung
bleibt sehr kompliziert und unklar.}) (20. h4 $5 {Ftacnik} Be6 (20... Bxd4 21.
Nxd4 Qh3 22. hxg5 Ng4 23. Nf3 $16) 21. hxg5 Bxb3 22. axb3 hxg5 23. Qd2 Nh7 $13)
20... Bb7 $6 {Ohne tiefe Analyse darf man diesen interessanten Plan nicht
kritisieren. Schwarz verzichtet auf Materialgewinn und trifft Vorbereitungen
für 1) Öffnung der Diagonale a8-h1 und  2) Druck auf der d-Linie gegen Bd3. 
Das wird ihm zwar eine sehr starke Initiative geben, Weiss hat aber später
eine aussichtsreiche Verteidigung nicht gefunden.} ({Ganz schlecht wäre} 20...
gxf4 $2 21. Rxf4 Qg6 22. Ne5 {mit weisser Initiative, z.B.} Qg7 (22... Qg5 23.
Qf3 $1 Qxe5 (23... Nd5 $2 24. Bxd5 cxd5 25. Qxd5 $18) 24. Rxf6 Be7 25. Rxf7 $1
(25. Bxf7+ Kg7 26. Rg6+ Kh7 27. Qxc6 Bf5 $1 {ist nach} 28. Rxh6+ Kg7 29. d4 Qe2
{noch sehr unklar.}) 25... Be6 $8 26. Rxe7 $3 Rxf3 27. Rxe6 {mit technisch
gewonnenem Endspiel L+3B:T.}) 23. Qf3 Bd6 24. Rxf6 $5 Bxe5 25. Rxf7 $1 Rxf7 26.
Qxc6 $1 Rb8 $8 27. Qe8+ Kh7 28. Qxf7 Qxf7 29. Bxf7 {und wir bekommen wieder
ein sehr interessantes Endspiel, welches gute Gewinnchancen für Weiss bieten
soll.}) ({Schwarz wollte sich auch nicht mit} 20... Bxd4 {beeilen, weil} {
er nach} 21. Nxd4 {wahrscheinlich kein gutes Feld für die Dame sah. Es gibt
aber eins! Siehe D)} Qh3 $1 {beginnt plötzlich Schwarz mit dem Angriff und der
weisse Springer muss zurück:} ({Schlechte Alternativen sind} 21... Qg6 22. Nxc6
$18) ({und} 21... Qg4 22. Bd6 $16 (22. Be5 $16)) ({Aber nach} 21... Qd7 {
soll Schwarz mit genauer Verteidigung ebenfalls (wie mit 21...Dh3) zum Vorteil
kommen. Zuerst sieht es so aus, daß Weiß mit} 22. Be5 {für die geopferte
Qualität eine gefährliche Initiative erlangt.} {Am besten ist dann} Ng4 $1 (
22... Ne8 {verliert wegen} 23. Qf3 Bb7 {und jetzt gewinnt plötzlich} 24. Qe4 $1
{und gegen die tödliche Drohung Dg6 gibt's keine ausreichende Verteidigung,
weil auch} (24. Nf5 {wäre der langsamere Weg, nach} Kh7 {entscheidet} 25. g4 $1
{gefolgt von Dh3 und Weiss gewinnt durch den Angriff gegen den Punkt h6 in
allen Varianten:} c5 {oder} (25... h5 26. Qh3 h4 27. Nxh4 $1 gxh4 28. Qxh4+ Kg6
29. Qh5#) 26. Qh3 Qc6 27. Bd5 $1) 24... Ng7 25. Qg6 {zum Matt in nächsten Zug
führt.}) ({Ähnlich auch nach} 22... Nd5 {ist} 23. Qf3 {stark. Nach erzwungenem}
g4 $1 (23... f6 $2 24. Nxc6 $18) (23... Bb7 $2 24. Bxd5 Qxd5 25. Qf6 $18) 24.
Qe4 f5 $8 25. Bxd5+ cxd5 26. Qf4 {ist diese Stellung wegen den geschächten
schwarzen Feldern sehr unangenehm für Schwarz.}) {und nach fast erzwungenem
taktischen} 23. Be6 $1 fxe6 24. Qxg4 {muss Schwarz den einzigen genauen
Verteidigungzug finden:} c5 $1 {und durch den Gegenangriff gegen den Punkt f2
in die Variante} (24... Qd5 $2 25. f4 c5 $140 $2 26. Qh5 Kh7 27. Nf3 {mit
Mattangriff.}) (24... Bb7 $6 25. f4 $1 c5 26. Qh5 (26. Qxe6+ Qxe6 27. Nxe6 Rfc8
$16) 26... Qh7 27. Nxe6 Qxd3 28. Re1 $1 (28. Nxc5 $2 Qe3+ 29. Kf1 Qxe5 30. Nxb7
(30. Qg6+ Qg7 31. Qxg7+ Kxg7 32. Nxb7 gxf4 $19 {_|_}) 30... Qg7 $19 {_|_})
28... Qc2 29. Re2 Qb1+ 30. Kf2 $18) 25. Qe4 ({Interessant ist auch} 25. Qh5 $1
Kh7 (25... Qf7 $6 26. Qxf7+ Rxf7 27. Nb3 c4 28. dxc4 bxc4 29. Na5 {[%csl Rd4,
Re5][%cal Ga5c4,Gc4e5,Ge5d4] und Weiss gewinnt einen zweiten Bauern für die
Qualität mit Vorteil. Der ideale Aufbau mit den gedeckten Ld4 und Se5 ist sehr
stark.}) 26. f4 $5 (26. Nf3 Rf5 $1 $19) {fuehrt nach richtigen} 26... g4 $1 {
nicht zum Ziel.} ({Gefaehrlich waere aber} 26... gxf4 {und nach} 27. g4 $1 (27.
Nf3 Rf5) 27... cxd4 (27... Rg8 28. Nf3 $40) 28. g5 Rf5 $8 29. Qxh6+ Kg8 30.
Qh8+ Kf7 31. g6+ $3 Kxg6 32. Kf2 $3 {hat zwar Weiss ein Turm weniger, aber
sein Angriff ist vernichtend. ZB.:} Qe7 (32... Rxe5 33. Rg1+ Rg5 (33... Kf5 34.
Qf8+) (33... Kf7 34. Rg7+ Kf6 35. Qf8+) 34. Qg8+ $18) (32... Kf7 33. Rg1 $18) (
32... Qf7 33. h4 $3 Qf8 34. Rg1+ Kf7 35. Qh7+ Ke8 36. Rg8 $18) 33. h4 $3 Rg5 {
anders entscheidet Tg1} 34. hxg5 Bb7 35. Qh6+ Kf5 36. Bf6 $1 Qc7 (36... Qf7 37.
Re1 $18) 37. Bg7 $18)) 25... Qf7 {behält Schwarz Vorteil nach z.B.} 26. Qxa8
Bb7) 22. Bd6 Ng4 $1 23. Nf3 $8 Re8 {gefolgt von Le6 und Schwarz muß nur noch
die technische Realisierung von seinem Materialvorteil durchführen.}) ({
Auch die prophylaktische Fortsetzung} 20... Re8 {sieht nach} 21. Bd6 Ba7 $1 {
(droht c5!)} (21... Bxd4 22. Nxd4 Qd7 23. Ba3 $1 {bleibt noch nicht ganz klar.}
) 22. Ba3 Bb7 {als deutliche Verbesserung von Timman's Plan. Beide
schwarzfeldrige Läufer bleiben auf dem Brett und es ist ganz klar, welche von
diesen beiden Figuren besser steht.}) 21. Bd6 Bxd6 22. Rxd6 c5 {[%mdl 4]
Ftacnik: 'Instead of grabbing material Timman managed to coordinate his forces
and create counterplay along a8-h1 diagonal.'} 23. Nd2 $6 ({Auch nach dem
besseren} 23. Ne1 {hat Schwarz genügende Kompensation mit} Rad8 {oder} (23...
Rfe8 {Ftacnik} 24. Qd2 Re7 $40)) 23... Rad8 24. Rxd8 (24. Rb6 $5 {bietet
einige praktische Remischancen nach} Rxd3 25. Rxb7 Ne4 26. Nxe4 (26. Bxf7+ Rxf7
27. Rxf7 Qxf7 (27... Kxf7 $4 28. Qh5+) 28. Nxe4 Rxd1+ 29. Rxd1 Qxa2 $19 {_|_})
26... Rxd1+ 27. Rxd1 Qxe4 28. Rdd7 Qb1+ $1 29. Kg2 c4 30. Bd1 Qxb2 31. Bh5 {
-/+/-+ _|_}) 24... Rxd8 25. Bc2 ({Weiss hat vielleicht übersehen, dass nach} 
25. Qe2 {Schwarz den Bd3 nicht zurücknimmt, sondern gewinnt mit} c4 $1 26. dxc4
(26. Nxc4 bxc4 27. Bxc4 Re8 28. Qd1 Ng4 $19) (26. Bd1 Rxd3 27. Nf1 (27. Bc2
Rxd2 $19) 27... g4 $1 28. Bc2 Qd5 $19) 26... Rxd2 27. Qxd2 Qf3 $19) 25... Ng4
26. Qe2 $6 ({Leicht bessere Rettungschancen bot} 26. Qe1 {mit der Idee} c4 (
26... Ne5 27. Qe3) 27. Bd1 Rxd3 $1 (27... cxd3 28. Bxg4 Qxg4 29. Qe7 Rd7 30.
Qe8+ Kg7 31. Re1 $17) (27... Qxd3 28. Bxg4 Qxd2 29. Qe7 Qd5 30. f3 $15) 28.
Bxg4 Qxg4 29. Qe8+ Kg7 30. Qe5+ Kh7 31. Qe7 Bd5 $1 32. Qe1 (32. f3 Qf5 $1 (
32... Rxf3 33. Nf1 Rd3 34. Ne3 Qf3 35. Nxd5 Rxd5 36. Rf1 Rd1 37. Rxd1 Qxd1+ 38.
Kf2 Qc2+ $19 {_|_}) 33. Ne4 Rxf3 34. Re1 Bxe4 35. Qxe4 Rf1+ 36. Kg2 Rf2+ 37.
Kg1 Qxe4 38. Rxe4 Rxb2 $19) 32... Rxd2 33. Qxd2 Qf3 34. Kf1 Be6 $1 $19) 26...
c4 $1 {Ftacnik: 'The fall od d3 pawn is a bad sign for white, Black is better
developed and all endgames will be in his favour.'} 27. Bd1 (27. Ne4 {Ftacnik}
cxd3 28. Qxg4 Qxg4 $1 29. Nf6+ Kg7 30. Nxg4 dxc2 31. Ne3 Rd2 32. Rc1 Be4 $17)
27... Rxd3 28. Qxg4 Qxg4 29. Bxg4 Rxd2 $19 {Das Endspiel ist technisch
gewonnen. Weiss verliert forciert einen Bauern und beide schwarzen Figuren
sind aktiver als die von Weiss.} 30. Rb1 (30. b3 Rc2 31. bxc4 bxc4 32. Rb1 Bc6
33. f3 Rxc3 {'-/+' Ftacnik.} (33... Bb5 34. a4 Bxa4 35. Ra1 Bb5 36. Ra3 Rb2 $19
) (33... Bb5 $17 {Ftacnik}) 34. Rb6 Bb5 (34... Bxf3 $6 35. Bxf3 Rxf3 36. Rxa6
Kg7 37. Rc6 c3 38. g4 $1 $15) 35. a4 Bxa4 36. Rxa6 Bc2 37. Rxh6 Bg6 $1 $19)
30... Be4 31. Re1 Bd3 {Ftacnik: 'It is rare for black go achieve such
excellent endgame position in the Marshall attack of Ruy Lopez defence.'} (
31... f5 $5 32. b4 (32. Rd1 Rxb2 33. Bh5 Rxa2 $19) 32... Rc2 $19) 32. b4 (32.
Re8+ Kg7 33. Ra8 Rxb2 34. Rxa6 b4 35. cxb4 Rb1+ 36. Kg2 c3 $19) 32... Rxa2 (
32... Rc2 33. Bc8) 33. Rc1 f5 34. Bh3 Kf7 35. Bf1 $5 Be4 {'!' Ftacnik.} (35...
Ke6 36. Re1+ Kf6 (36... Kd5 37. Rd1) 37. Bxd3 cxd3 38. Rd1 d2 39. Kf1 Rc2 40.
Ke2 Rxc3 41. Rxd2 $17) 36. Bg2 Kf6 37. Bxe4 fxe4 38. Re1 Kf5 39. Kf1 Ra3 40.
Re3 (40. Rc1 e3 $1 41. fxe3 (41. f3 Ra2 42. Kg1 Rf2 $19) (41. Ke2 exf2 42. Kxf2
Ke4 43. Re1+ Kd3 44. Re3+ Kc2 $19) 41... Ke4 $19) 40... a5 41. bxa5 Rxa5 42.
Re2 (42. Re1 Ra3 43. Rb1 Rb3 $19) 42... Ra1+ 43. Kg2 Ra3 44. Rc2 (44. Re3 b4
$19) 44... Ke5 45. Kf1 b4 $1 46. cxb4 c3 {Ftacnik: 'Black domination brings
fruits, white has big problems to stop passed c pawn.'} 47. Ke2 (47. Rc1 Kd4
48. Rd1+ Kc4 49. Rd8 (49. Ke2 c2) 49... c2 50. Rc8+ (50. Ke2 Rc3) 50... Kb3 51.
b5 Kb2 $19) 47... Kd4 48. b5 Rb3 49. Rxc3 Rxc3 50. b6 Rb3 51. b7 Rxb7 0-1

[Event "Interzonal-14c"]
[Site "Zagreb"]
[Date "1987.??.??"]
[Round "2"]
[White "Gruenfeld, Yehuda"]
[Black "Pinter, Jozsef"]
[Result "0-1"]
[WhiteElo "2545"]
[BlackElo "2575"]
[Annotator "Blatny,P"]
[PlyCount "70"]
[EventDate "1987.08.01"]
[EventType "tourn"]
[EventRounds "17"]
[EventCountry "YUG"]
[EventCategory "12"]
[SourceTitle "CBM 004"]
[Source "ChessBase"]
[SourceDate "1988.06.01"]
[SourceVersion "1"]
[SourceVersionDate "1988.06.01"]
[SourceQuality "1"]

1. e4 e5 2. Nf3 Nc6 3. Bb5 a6 4. Ba4 Nf6 5. O-O Be7 6. Re1 b5 7. Bb3 O-O 8. c3
d5 9. exd5 Nxd5 10. Nxe5 Nxe5 11. Rxe5 c6 12. d4 Bd6 13. Re2 Qh4 14. g3 Qh3 15.
Nd2 $5 (15. Qf1) 15... Bf5 16. Bxd5 $6 cxd5 17. f3 Rae8 (17... Bd3 $6 18. Rf2
$1 (18. Re3 Bxg3 $1 $10) 18... Rae8 19. Nf1 Bg6 20. Ne3 Re6 21. Qf1 Qh5 22. Ng2
$1 $16) (17... Qh5 $5 18. Rf2 Rae8 19. Nf1 Re6 $36) 18. Nf1 (18. Nb3 Bxg3 $1)
18... h5 $1 19. Be3 $6 (19. Bg5 $2 h4 $1 20. Bxh4 f6 $1 $19) (19. Bf4 Bxf4 20.
gxf4 Bd7 $1 21. Rg2 Re7 $1 {/\ Rfe8-/+}) (19. Ne3 $142 $1 h4 $1 (19... Bg6 $6
20. Ng2 $1 {/\ Bf4+/-} (20. Nxd5 $2 Bxg3 $1 $19)) 20. g4 (20. Nxf5 Qxf5 21.
Rxe8 Rxe8 22. Kg2 hxg3 23. hxg3 Qg6 $44) 20... Bg6 21. Rf2 f5 $1 22. gxf5 $1 (
22. Qf1 fxg4 23. Qxh3 (23. fxg4 Bxh2+ $19) 23... gxh3 24. Bd2 Bg3 $1 25. hxg3
hxg3 26. Rff1 Bd3 $1 $44) 22... Bxf5 23. Nxf5 (23. Bd2 Be4 $1 $19) (23. Qf1
Qxf1+ 24. Rxf1 Bh3 25. Rf2 Bf4 26. Nc2 Bg3 $1) 23... Rxf5 24. Bd2 (24. Qf1 Rxf3
$1 25. Qxh3 Rxh3 $10) 24... Rxf3 $1 25. Qxf3 Bxh2+ 26. Kh1 Bg3+ 27. Kg1 Bh2+
$10) 19... h4 (19... Re6 $5) 20. Bf2 (20. g4 $6 Bd7 {/\ f5-/+}) 20... Bd7 $1 (
20... Re6 21. Rxe6 fxe6 22. Qe2 Rf6 23. g4 Rg6 24. Be3 $1 {/\ Kh1+/-} (24. Kh1
$2 Rxg4 $1 $19)) 21. gxh4 $6 (21. Qd3 $142 Rxe2 22. Qxe2 Re8 $13) 21... Rxe2
22. Qxe2 Re8 23. Qd3 Re6 24. Bg3 Rg6 25. Kf2 $2 (25. Re1 $142 $1 b4 $1 $44)
25... b4 {/\ Bb5} 26. a4 (26. Bxd6 Qg2+ 27. Ke3 (27. Ke1 Bb5 $19) 27... Rxd6
$19) (26. Qd2 Bb5 $19) 26... bxa3 27. b3 Be7 $1 28. c4 (28. Ne3 Bxh4 29. Rg1
Qxh2+ $19) (28. Qe3 Bxh4 29. Rxa3 Bb5 $19) 28... dxc4 29. bxc4 (29. Qxc4 Bb5)
29... Rb6 $1 30. Ra2 (30. Nd2 Rb2 $19) 30... Qf5 $1 31. Qxf5 Bxf5 32. c5 Rb2+
33. Rxb2 axb2 34. Nd2 a5 35. c6 Bb4 0-1